000 00512nam a2200169Ia 4500
008 240729s9999 xx 000 0 und d
022 _a2148-7847
245 0 _aJournal of Thermal Engineering
260 _aTürkiye
260 _bYildiz Technical University
650 _a Chemical technology
650 _a Low temperature engineering. Cryogenic engineering. Refrigeration
650 _aTechnology
856 _uhttps://doaj.org/toc/f8282869cbdf48a88c8cc1edaf4e2219
942 _2ddc
942 _cDOAJEJ
999 _c68548
_d68548
945 _a1
_bMadushi Gamage
_c1
_dMadushi Gamage